00346cam a22001097a 4500008004000000082001500040100002500055245006600080260006100146300001000207650001900217180718b1977 xxu||||| |||| 00| 0 eng d aN4x54 Sh23 aSharma, Prabhu Datta aIndian police: a development approachcby Prabhu Datta Sharma aDelhibResearch Publication in the Social Sciencesc1977 a334p. aPolice - India